LEADER 03253nam a2200805 a 4500
001 nkc20112267407
003 CZ PrNK
005 20120130110221.0
007 ta
008 120109q20102011xr ac e f 000 0dger
015 |a cnb002267407 
020 |a 978-80-7442-023-8  |q (váz.) 
035 |a (OCoLC)776515912 
040 |a ABA001  |b cze 
041 1 |a ger  |h cze 
043 |a e-xr---  |b e-xr-pg  |2 czenas 
045 |a t-v- 
072 7 |a 27-5  |x Liturgie. Křesťanské umění a symbolika. Duchovní život  |2 Konspekt  |9 5 
080 |a 27-312.3-526.64  |2 MRF 
080 |a 726.54:272  |2 MRF 
080 |a 72/76.05  |2 MRF 
080 |a 27-5  |2 MRF 
080 |a 27-4  |2 MRF 
080 |a 27-789.34  |2 MRF 
080 |a (437.311)  |2 MRF 
080 |a (4)  |2 MRF 
080 |a (048.8)  |2 MRF 
080 |a (036)  |2 MRF 
080 |a (084.12)  |2 MRF 
100 1 |a Forbelský, Josef,  |d 1930-2022  |7 jk01031550  |4 aut 
245 1 4 |a Das Prager Jesuskind /  |c Josef Forbelský, Jan Royt, Mojmír Horyna ; Fotografien Karel und Ladislav Neubert ; [Übertragung aus dem Tschechischen Christine Moravcová] 
260 |a Praha :  |b Aventinum,  |c [2010 nebo 2011] 
300 |a 95 s. :  |b barev. il., portréty ;  |c 24 cm 
504 |a Obsahuje bibliografii 
610 2 7 |a Kostel Panny Marie Vítězné (Malá Strana, Praha, Česko)  |7 kn20010710525  |2 czenas 
648 7 |a 16.-18. století  |7 ch757029  |2 czenas 
650 0 7 |a Pražské Jezulátko  |7 ph117107  |2 czenas 
650 0 7 |a katolické kostely  |7 ph114895  |z Česko  |2 czenas 
650 0 7 |a umělecká výzdoba  |7 ph136757  |2 czenas 
650 0 7 |a náboženský kult  |7 ph146589  |z Česko  |2 czenas 
650 0 7 |a náboženský kult  |7 ph146589  |z Evropa  |2 czenas 
650 0 7 |a náboženský život  |7 ph123387  |z Česko  |y 16.-18. století  |2 czenas 
650 0 7 |a karmelitáni  |7 ph114873  |z Česko  |y 16.-18. století  |2 czenas 
650 0 9 |a Infant Jesus of Prague (Sculpture)  |2 eczenas 
650 0 9 |a Catholic churches  |z Czechia  |2 eczenas 
650 0 9 |a artistic decoration  |2 eczenas 
650 0 9 |a cultic acts  |z Czechia  |2 eczenas 
650 0 9 |a cultic acts  |z Europe  |2 eczenas 
650 0 9 |a religious life  |z Czechia  |y 16th-18th centuries  |2 eczenas 
650 0 9 |a Carmelites  |z Czechia  |y 16th-18th centuries  |2 eczenas 
651 7 |a Malá Strana (Praha, Česko)  |7 ge128513  |2 czenas 
651 9 |a Malá Strana (Prague, Czechia)  |2 eczenas 
655 7 |a studie  |7 fd133597  |2 czenas 
655 7 |a průvodce  |7 fd133154  |2 czenas 
655 7 |a fotografické publikace  |7 fd132276  |2 czenas 
655 9 |a studies  |2 eczenas 
655 9 |a guidebooks  |2 eczenas 
655 9 |a photographical works  |2 eczenas 
700 1 |a Royt, Jan,  |d 1955-  |7 jn19990216156  |4 aut 
700 1 |a Horyna, Mojmír,  |d 1945-2011  |7 jn20001031003  |4 aut 
700 1 |a Neubert, Karel,  |d 1926-2003  |7 jk01090018  |4 pht 
700 1 |a Neubert, Ladislav,  |d 1927-  |7 jk01090019  |4 pht 
700 1 |a Moravcová, Christine  |7 jx20050722076  |4 trl 
765 0 |t Pražské Jezulátko  |9 Německy 
856 4 1 |u http://www.digitalniknihovna.cz/mzk/uuid/uuid:d50e2c50-d143-11e8-bc37-005056827e51  |y Digitalizovaný dokument  |x NDK 
910 2 |a BOA001  |b 2-1276.371 
990 |a BK 
995 |a 01 
991 |b 201201  |c NOV  |e n 
996 6 |b 2610497505  |c 2-1276.371  |l MZK  |r Sklad / do 1 hodiny  |n 0  |p p.v.  |w 001221913  |u 000010  |a 1  |e BOA001  |j MZK50  |s P